000 01073nas a2200313 4500
001 BR8101990
003 BR-BrBNA
005 20231205084620.0
007 ta
008 230509b bl.|||p| |||| 00| 00por d
040 _aBR-BrBNA
_bpor
_cBiblioteca Nacional de Agricultura
041 _a(Pt)
072 _aL70; L72
100 1 _aBeck, A.A.
100 1 _aSanturio, J.M.
100 1 _aMoreira, W.S.
245 1 _aEficacia do Praziquantel, no tratamento do Echinococcus granulosus em caes [Canis familiaris; Rio Grande do Sul; Brasil]
246 1 _a[Efficacy of the Praziquantel in the treatment against echinococcus granulosus in dogs [Canis familiaris; Rio Grande do Sul; Brazil]
650 _aVeterinaria
650 _aPraga de animal
650 _aCao
650 _aVerme
650 _aAnti-helmintico
650 _aHidatidose
650 _aRio Grande do Sul
773 0 _tRevista do Centro de Ciencias Rurais (Brazil)
_xISSN 0085-5901
_g(Jun 1980), v. 10(2) p. 151-160
_wBR8101990
909 _a202311
_bLúcia
_c55
_dLúcia Elande
942 _2AGRIS
_n0
_cANA
999 _c106269
_d106269